000 01593nam a2200313 i 4500
003 DO-SdBNP
005 20250710140853.0
008 210302b 2020 dr a 00| 0 eng d
020 _a9789945923704
040 _aDO-SdBNP
_bspa
_cBNPHU
_erda
041 _hspa
082 7 4 _a368.97293
_bB192c
_222
100 1 _aBallista Díaz, Fernando A.
_eautor
_4aut.
_977969
245 1 0 _aConceptos de seguros y fianzas :
_bbase para su estudio /
_cFernando A. Ballista Díaz ; prólogo, Jorge A. Subero Isa.
264 _aSanto Domingo, República Dominicana :
_bSeguros Universal,
_c2020.
300 _a241 páginas :
_bilustraciones, retratos ;
_c23 cm.
336 _atexto
_btxt
_2rdacontent
337 _asin mediación
_bn
_2rdamedia
338 _avolumen
_bnc
_2rdacarrier
500 _aIncluye datos sobre el autor
500 _aIncluye referencias bibliográficas y notas al pie de las páginas
505 _aCapítulo I: El riesgo: la materia prima del seguro -- Capítulo II: ¿Qué es el seguro? -- Capítulo III: Historia y evolución del seguro -- Capítulo IV: Influencia socioeconómica del seguro Capítulo V: Clasificación y tipos de seguros -- Capítulo VI: El contrato de fianza -- Capítulo VII: La póliza de seguros Capítulo VIII: Cumplimiento de la obligación asumida -- Capítulo IX: Del reaseguro.
590 _aInventariado, 2024 /LP
650 _aFianzas
_xRepública Dominicana
_978561
650 _aPólizas de seguros
_954902
700 1 _aSubero Isa, Jorge A.,
_d1947-
_eprologuista
_976863
910 _aLP.Validado. Control de calidad MAA
942 _2ddc
_cLBS1
999 _c49473
_d49473